Wird geladen...
John Donne : the poems /
| 1. Verfasser: | |
|---|---|
| Format: | Printed Book |
| Sprache: | English |
| Veröffentlicht: |
New York :
Palgrave ,
1998.
|
| Schlagworte: | |
| Online Zugang: | http://www.loc.gov/catdir/toc/hol053/99020922.html http://www.loc.gov/catdir/bios/hol057/99020922.html http://www.loc.gov/catdir/description/hol056/99020922.html |
| LEADER | 01076cam a2200241 a 4500 | ||
|---|---|---|---|
| 008 | 990312s1998 nyu b 001 0 eng | ||
| 010 | |a 99020922 | ||
| 020 | |a 9781137608406 | ||
| 082 | 0 | 0 | |a 821.3 NUT/J |2 21 |
| 100 | 1 | |a Nutt, Joe, | |
| 245 | 1 | 0 | |a John Donne : |b the poems / |c Joe Nutt. |
| 260 | |a New York : |b Palgrave , |c 1998. | ||
| 300 | |a ix, 211 p. ; |c 23 cm. | ||
| 504 | |a Includes bibliographical references (p. 206-207) and index. | ||
| 600 | 1 | 0 | |a Donne, John, |d 1572-1631 |x Criticism and interpretation. |
| 856 | 4 | 1 | |u http://www.loc.gov/catdir/toc/hol053/99020922.html |
| 856 | 4 | 2 | |u http://www.loc.gov/catdir/bios/hol057/99020922.html |
| 856 | 4 | 2 | |u http://www.loc.gov/catdir/description/hol056/99020922.html |
| 906 | |a 7 |b cbc |c orignew |d 1 |e ocip |f 19 |g y-gencatlg | ||
| 942 | |c BK | ||
| 955 | |a pc06 to la00 03-12-99; lk50 03-12-99; lh06 03-12-99; lh09 03-15-99 |a ps11 2003-05-06 2 copies rec'd., to CIP ver. | ||
| 999 | |c 200840 |d 200840 | ||
| 952 | |0 0 |1 0 |4 0 |6 821_300000000000000_NUT_J |7 0 |9 222299 |a ENG |b ENG |c ST1 |d 2017-06-07 |i 18002 |l 0 |o 821.3 NUT/J |p ENG18002 |r 2017-06-07 |w 2017-06-07 |y BK | ||